Errate die Station anhand der Linien (Wien) - Statistiken

Allgemein
  • Dieses Quiz wurde 73 mal gespielt
  • Das Durchschnittsergebnis liegt bei 10 aus 30
Antwortstatistiken
Linien Station % Korrekt
U1,U3,1A,2A,3A Stephansplatz
88%
U2,2,5B Taborstraße
60%
U4,5,33 Friedensbrücke
58%
U6,10A,63A Niederhofstraße
52%
U3,11,71,69A,72A,73A Simmering
52%
U2,84A,88A,88B Seestadt
50%
U2,92A,92B,93A Donaustadtbrücke
44%
U1,14A Keplerplatz
42%
U6,20A,(20B) Neue Donau
40%
U6,61A,64A Perfektastraße
38%
U3,4A,74A Rochusgasse
38%
18,71,74A St.Marx
38%
U1,16A,17A,19A,67A,67B Alaudagasse
35%
S3,S4,30,31,36B Brünner Straße
33%
38,38A Grinzing
33%
41,41A Pötzleinsdorf
33%
U6,42 Michelbeuern-AKH
29%
U1,25A,27A Rennbahnweg
29%
S80,77A,79A,79B Praterkai
25%
11,71,71A,71B Zentralfriedhof 3.Tor
23%
2,5A Karmeliterplatz
19%
47A,48A Baumgartner Höhe
17%
25,26,27A Josef-Baumann-Gasse
17%
26,85A,95A,95B Prinzgasse
15%
S60,70A Kledering Bahnhof
13%
62,16A,62A Altmannsdorfer Straße
10%
37,10A,39A Barawitzkagasse
10%
24A,85A,97A Breitenlee Schule
10%
8A,56A,56B,58A Montecuccoliplatz
6%
28A,31A Heinrich-von-Buol-Gasse
4%
Keine übereinstimmenden Quizze gefunden
Verteilung der Resultate
Anzahl Personen mit jedem Resultat
Perzentil nach korrekt beantworteten Fragen
Ihre Resultats-Entwicklung
Sie haben dieses Quiz noch nicht gespielt